000 004480000a22001690004500
003 MACL
005 20151220122351.0
008 151220b xxu||||| |||| 00| 0 eng d
040 _aMACL
_cMACL
041 _aEnglish
082 _a611/LIM
100 _aChaurasia, B D
_921555
245 _aHuman Anatomy
_bRegional and Applied
260 _bCBS Publishers & Distributors
_c1981
_aDelhi
650 _aHuman Anatomy
_921556
942 _cBK
_k611/LIM
_2ddc
999 _c40854
_d40854